000 00252nam a2200097Ia 4500
082 _a641.5 FIVE
245 0 _a500 greatest-ever recipes
100 _a Day, Martha London, 2004
_942314
942 _cBK
008 210817s9999 xx 000 0 und d
999 _c245856
_d245855